000 01496cad a22002175a 4500
001 L157884
008 120214s2012 xxk 000 0 eng d
035 _a(Sirsi) u157884
041 0 _aeng
050 _a338.47624 $2 18
110 2 _aRoyal Institution of Chartered Surveyors
_bEconomics
_95033
245 0 0 _aRICS construction market survey
_bUnited Kingdom, second quarter 2012
_h[electronic resource]
260 _aLondon
_bRICS
_c2012
490 _aRICS Construction Market Survey United Kingdom
_vFirst Quarter 2012
520 _aThe Q2 2012 RICS UK Construction Market Survey highlights several key points. First, activity levels reported by quantity surveyors (who tend to see construction work at an early stage in the process) edged lower. Secondly, the deterioration in workloads was fairly broad-based, with four out of the six regions in the survey posting negative net balances; only London/South East recorded even modestly rising workloads. Third, the drop in workloads was visible in most segments of the market. Finally, output and employment expectations for the coming twelve months remain positive but profit margins are projected to stay under pressure. The headline net balance for total construction workloads
590 _aKA
651 4 _aUnited Kingdom
_y
690 _aConstruction management
_96230
856 4 0 _uhttps://www.rics.org/Global/RICS%20UK%20Construction%20Market%20Survey%20Q2%202012.pdf
_zView the report free of charge at www.rics.org.
942 _n0
999 _c115013
_d115013